Género, etnia y partidos políticos en las elecciones regionales de la Costa Caribe: retos de la diversidad /
Uloženo v:
| Hlavní autor: | |
|---|---|
| Další autoři: | , |
| Médium: | Text |
| Témata: | |
| Tagy: |
Přidat tag
Žádné tagy, Buďte první, kdo vytvoří štítek k tomuto záznamu!
|
MARC
| LEADER | 00000 a a2200000 04500 | ||
|---|---|---|---|
| 001 | 18889 | ||
| 003 | |||
| 040 | |||
| 100 | |a González, Miguel | ||
| 245 | |a Género, etnia y partidos políticos en las elecciones regionales de la Costa Caribe: retos de la diversidad / |c Miguel González | ||
| 500 | |a Resumen también en inglés páginas 4 | ||
| 650 | |a PARTICIPACION DE LA MUJER | ||
| 650 | |a ETNICIDAD | ||
| 650 | |a ELECCIONES | ||
| 650 | |a NICARAGUA | ||
| 650 | |a PARTICIPACION DE LA MUJER | ||
| 650 | |a PODER POLITICO | ||
| 650 | |a GOBIERNO LOCAL | ||
| 700 | |a Figueroa, Dolores | ||
| 700 | |a Barbeyto, Arelly | ||
| 773 | |g número 44; páginas 10-23 | ||
| 999 | |c 20332 |d 20332 | ||
